Statistics for Colours in French

Click here to take the quiz!

General Stats

  • This quiz has been taken 92 times
    (31 since last reset)
  • The average score is 13 of 24

Answer Stats

Answer% Correct
Rouge
100%
Orange
97%
Vert
86%
Blanc
83%
Noir
83%
Bleu
79%
Rose
79%
Gris
76%
Jaune
76%
Cyan
62%
Turquoise
59%
Marron
55%
Brun
52%
Argent
48%
Blond
48%
Violet
48%
Bleu clair
38%
Bleu foncé
31%
Doré
31%
Multicolore
28%
Bleu marine
24%
Roux
24%
Bordeaux
14%
Bleu sarcelle
10%

Score Distribution

Percentile by Number Answered

Percent of People with Each Score

Your Score History

You have not taken this quiz since the last reset